| 000 | 00975nam a22003137a 4500 | ||
|---|---|---|---|
| 003 | DO-SdBPM | ||
| 005 | 20260511141838.0 | ||
| 007 | ta | ||
| 008 | 210622b2021 dr 00| 0 eng d | ||
| 020 | _a9789945927603 | ||
| 040 |
_aDO-SdBPM _bspa _cBPMSU |
||
| 082 | 0 | 4 |
_aRD863.5 _bC957a 2021 _222 |
| 100 | 1 |
_aCruz, Rafael R. _d1964- _eautor _4aut |
|
| 245 | 1 | 0 |
_aAuténticas señales en Las Palmitas / _cRafael R. Cruz. |
| 264 |
_aSanto Domingo : _bCiliya, _c2021. |
||
| 300 |
_a276 páginas ; _c22 cm. |
||
| 336 |
_atexto _btxt _2rdacontent |
||
| 337 |
_asin mediación _bn _2rdamedia |
||
| 338 |
_avolumen _bnc _2rdacarrier |
||
| 490 | 0 | _aNarrativa | |
| 500 | _aIncluye datos biográficos del autor en la solapa de la cubierta | ||
| 590 | _aInventariado, 2026 /VM | ||
| 650 | 7 | _aNovela dominicana | |
| 650 | 7 | _aLiteratura dominicana | |
| 650 | 4 | _aLiteratura dominicana | |
| 830 | 0 | _aNarrativa | |
| 910 | _aVMateo V. Control de calidad. BPMSU | ||
| 942 |
_2ddc _cBK |
||
| 999 |
_c14114 _d14114 |
||